000 00407nam a2200169Ia 4500
003 GCL
008 140319s9999 xx 000 0 eng d
040 _aGCL /
_cGCL
082 0 4 _aP
_b705
_bA R
245 1 0 _aTHE ARTIST
260 _a[S.N] :
_bTHE ARTIST PUBLISHING CO. ،
_c1933
650 0 4 _aPERIODICALS
650 0 4 _aMAGAZINE DESIGN
650 0 4 _aMAGAZINE
650 0 4 _aART MAGAZINE
942 _2ddc
_cCR
999 _c25908
_d25908